Грим : (Record no. 362282)
[ view plain ]
| 000 -LEADER | |
|---|---|
| fixed length control field | 00858nam a2200217 a 4500 |
| 001 - CONTROL NUMBER | |
| control field | 001127785 |
| 003 - CONTROL NUMBER IDENTIFIER | |
| control field | AM-YeHGA |
| 005 - DATE AND TIME OF LATEST TRANSACTION | |
| control field | 20250617152012.0 |
| 008 - FIXED-LENGTH DATA ELEMENTS--GENERAL INFORMATION | |
| fixed length control field | 160208s1909 |||b r 000 0 rus d |
| 040 ## - CATALOGING SOURCE | |
| Original cataloging agency | AM-YeHGA |
| 041 0# - LANGUAGE CODE | |
| Language code of text/sound track or separate title | rus |
| 090 ## - LOCALLY ASSIGNED LC-TYPE CALL NUMBER (OCLC); LOCAL CALL NUMBER (RLIN) | |
| -- | 364130 |
| 245 00 - TITLE STATEMENT | |
| Title | Грим : |
| Remainder of title | С 200 рисунками в тексте / |
| Statement of responsibility, etc. | Сост. П.А. Лебединский, В.П. Лачинов. |
| 260 ## - PUBLICATION, DISTRIBUTION, ETC. | |
| Place of publication, distribution, etc. | Б. м. : |
| Name of publisher, distributor, etc. | Изд-ие журнала "Театр и Искусство", |
| Date of publication, distribution, etc. | 1909. |
| 300 ## - PHYSICAL DESCRIPTION | |
| Extent | 304 с. |
| 440 #0 - SERIES STATEMENT/ADDED ENTRY--TITLE | |
| Title | Энциклопедия сценического самообразования |
| 650 14 - SUBJECT ADDED ENTRY--TOPICAL TERM | |
| Topical term or geographic name entry element | Сценическое искусство |
| 650 14 - SUBJECT ADDED ENTRY--TOPICAL TERM | |
| Topical term or geographic name entry element | Прикладное искусство- гримировка |
| 700 1# - ADDED ENTRY--PERSONAL NAME | |
| Personal name | Лебединский, П.А. |
| Relator term | сост. |
| Relationship | com |
| 700 1# - ADDED ENTRY--PERSONAL NAME | |
| Personal name | Лачинов, В.П |
| -- | сост. |
| Relationship | com |
| Withdrawn status | Lost status | Source of classification or shelving scheme | Damaged status | Not for loan | Collection | Home library | Current library | Date acquired | Total checkouts | Full call number | Barcode | Date last seen | Price effective from | Koha item type | Public note |
|---|---|---|---|---|---|---|---|---|---|---|---|---|---|---|---|
| Universal Decimal Classification | Levonyan Individual Collection | Fundamental Scientific Library | Fundamental Scientific Library | 11/01/2017 | Лев/347 | FL0372528 | 11/01/2017 | 11/01/2017 | Գրքեր / Books | ILL Non-Circ. |
ՀՀ Գիտությունների ազգային ակադեմիայի հիմնարար գիտական գրադարան = Fundamental Scientific Library of NAS RA
All site content, except where otherwise noted, is licensed under a